000
00217nam a2200097Ia 4500
008
240331s9999 xx 000 0 und d
082
_a
331.4
_b
PEN
100
_a
WWE. ed
245
0
_a
Pengalum ulaipum surandalum
942
_c
L
999
_c
845
_d
845